কাইয়ুম চৌধুরীর রেখাচিত্র /
Album of drawings by a 20th century painter from Bangladesh.
| Autor principal: | |
|---|---|
| Formato: | Libro |
| Lenguaje: | Bengali English |
| Publicado: |
ঢাকা :
ঐতিহ্য,
২০০৭.
|
| Materias: | |
| Classic Catalogue: | View this record in Classic Catalogue |
| LEADER | 01249nam a22003254a 4500 | ||
|---|---|---|---|
| 001 | 7505 | ||
| 003 | BD-DhAAL | ||
| 005 | 20151115100419.0 | ||
| 008 | 151027s2007 bg a 000 0 beno | ||
| 010 | |a 2008336080 | ||
| 020 | |a 9847765219 | ||
| 020 | |a 9789847765211 | ||
| 040 | |a DLC |c DLC |d BD-DhAAL | ||
| 041 | 0 | |a ben |a eng | |
| 050 | 0 | 0 | |a NC331.6.B35 |b C5635 2007 |
| 082 | |a 759.9549/2 | ||
| 100 | 1 | |a চৌধুরী,কাইয়ুম. |d 1934- |9 15752 | |
| 245 | 1 | 0 | |a কাইয়ুম চৌধুরীর রেখাচিত্র / |
| 246 | 3 | 1 | |a Drawings of Qayyum Chowdhury |
| 246 | 1 | |i Title on t.p. verso: |a রেখাচিত্র | |
| 260 | |a ঢাকা : |b ঐতিহ্য, |c ২০০৭. | ||
| 300 | |a ১৬০ পৃ. : |b চিত্র ; |c ২২ সে.মি. | ||
| 520 | |a Album of drawings by a 20th century painter from Bangladesh. | ||
| 541 | |e 7505 | ||
| 546 | |a Bengali and English. | ||
| 600 | 1 | 0 | |a Chowdhury, Qayyum, |d 1934- |9 15753 |
| 600 | 1 | 7 | |a Chowdhury, Qayyum, |d 1934- |2 fast |9 15753 |
| 942 | |2 ddc |c BK | ||
| 999 | |c 35925 |d 35925 | ||
| 952 | |0 0 |1 0 |2 ddc |4 0 |6 759_954900000000000_2_QAY |7 0 |9 56452 |a SCL |b SCL |c GEN |d 2015-10-27 |g 1000.00 |l 1 |m 13 |o 759.95492 QAY |p 3020007505 |r 2023-12-08 |s 2023-09-26 |t 1 |w 2015-10-27 |y BK | ||